000 00582nam a2200229Ia 4500
003 OSt
005 20230327110710.0
008 210423s2003 xx 000 0 und d
020 _a8176294233
040 _cAL
041 _aeng
082 _a330 SINA
100 _aSINHA (Ajit Kumar);SEN (Raj Kumar),Ed
_978202
245 _aEconomics of Amartya Sen
260 _aNew Delhi
_bDelhi Law House
_c2003
300 _axiv,268
_bPB
365 _b180
_cINR
650 _aEconomics
_978203
650 _aEconomics
_978203
906 _aAmartya ; Economics ; Sen
942 _2ddc
_cBK
999 _c156071
_d156071